02813nam a2200349 a 4500003000500000005001700005007000300022008004100025020002200066040002300088050002100111082002400132100004100156245009400197250001700291264003800308300004500346336002700391337002700418338002800445500006800473500005900541504003800600505036700638520134701005650001702352650001802369650002502387650001602412650001502428650002002443CHAP20250922125915.0ta230428s2018 sp d|||fr|||| 001 0 spa d a978-84-96477-74-6 amxchpuacCHAPerda10aQA276b.D45 201800a519.2bD45 20182201 aDelgado de la Torre, Rosarioeautora10aProbabilidad y estadística para ciencias e ingenierías /cRosario Delgado de la Torre a1a edición aMadrid, España :bDelta, c2018 axvi, 438 páginas :bgráficas, tablas 2rdacontentatextobtxt 2rdamediaasin mediobn 2rdacarrieravolumenbnc aLa Biblioteca de Zootecnia cuenta con la reimpresión del 2021 aBiblioteca de Zootecnia: ej.1 - ej.4: S/N (sin sellos) aBibliografía: páginas 431-4330 aTema 0: Errores, azar y métodos estadísticos -- Tema 1: Probabilidad y aplicaciones 1 -- Tema 2: Probabilidad y aplicaciones II -- Tema 3: Intervalos de confianza -- Tema 4: Test de hipótesis I -- Tema 5: Test de hipótesis II -- Tema 6: ANOVA y diseño de experimentos -- Tema 7: Regresión lineal simple -- Tema 8: Introducción al control de calidad2 aEn este libro se introducen los conceptos básicos de la Probabilidad y la Estadística que corresponden con los de una asignatura introductoria a estas disciplinas en cualquier titulación superior científico-técnica. Además de útil para estudiantes de estas titulaciones, pretende serlo para cualquiera que desee introducirse en estos temas de manera sencilla. Se tratan las nociones básicas de probabilidad, probabilidad condicionada y variables aleatorias, acompañadas de ejemplos y aplicaciones para ilustrar su aplicabilidad en diferentes ámbitos. También los intervalos de confianza y los tests de hipótesis clásicos, así como el test de la X2 de Pearson, los test de normalidad y el test Q de Dixon. Además, el Análisis de la Varianza y el Diseño de Experimentos, y la Regresión Lineal Simple, dos de las herramientas estadísticas más útiles. En el último tema se hace un breve repaso al Control de Calidad estadístico, y el primero es una introducción a la asignatura a través del tratamiento de los errores de medición. Al Final de algunos temas hay cuadros-resumen y en otros aparecen intercalados en el texto. En todos hay una propuesta de ejercicios cuya realización ayudarla a una mejor comprensión de la materia y a la consecución de las destrezas y competencias deseadas.17aProbabilidad17aEstadística13aControl de calidad 13aProbability13aStatistics13aQuality control